| 000 | 00847nmm a2200277 a 4500 | ||
|---|---|---|---|
| 001 | ocm000593898 | ||
| 003 | TR-IsHL | ||
| 005 | 20201028124921.0 | ||
| 008 | 110704s2009 tu tur | ||
| 007 | cr cn | ||
| 020 | _a9789758986705 | ||
| 035 |
_a593898 _b(N$T) |
||
| 050 | 0 | 4 |
_aHG4026 _b.E73 2009 |
| 090 | 0 | 4 |
_aHG4026 _b.E73 2009 |
| 100 | 1 | _aErdoğan, Muammer | |
| 245 | 1 | 0 |
_aFinansal yönetim _h[electronic resource] / _cMuammer Erdoğan |
| 250 | _a4. bs. | ||
| 260 |
_aİstanbul : _bAktif Yayınevi, _c2009 |
||
| 300 | _a362 p. | ||
| 650 | 4 | _aEkonomi ve Finans | |
| 650 | 4 | _aEconomics and Finance | |
| 650 | 0 |
_aMaliye _x Yönetim |
|
| 650 | 0 |
_aFinance _x Management |
|
| 650 | 7 |
_aBUSINESS & ECONOMICS / Finance _2bisacsh |
|
| 856 | 4 | 0 | _uhttp://search.ebscohost.com/login.aspx?direct=true&scope=site&db=e011xww&AN=593898 |
| 999 |
_c3205 _d3205 |
||